Organizovanie a organizačné štruktúry prípadové štúdie

Gespeichert in:
Bibliographische Detailangaben
1. Verfasser: Vavrinčík, Pavel
Körperschaft: Ekonomická univerzita v Bratislave. Podnikovohospodárska fakulta so sídlom v Košiciach
Format: Buch
Sprache:Slowakisch
Veröffentlicht: Bratislava Vydavateľstvo EKONÓM 2001
Schlagworte:
Tags: Tag hinzufügen
Keine Tags, Fügen Sie das erste Tag hinzu!

MARC

LEADER 00000nam a2200000 4500
001 c124798
005 20221124101958.7
020 |a 80-225-1397-0 
041 0 |a slo 
044 |a SK 
245 1 0 |a Organizovanie a organizačné štruktúry  |b prípadové štúdie  |c Pavel Vavrinčík 
264 1 |a Bratislava  |b Vydavateľstvo EKONÓM  |c 2001 
300 |a 187 s. 
610 2 0 |a organizácia 
610 2 0 |a štruktúra organizačná 
610 2 0 |a riadenie podnikové 
610 2 0 |a centralizácia 
610 2 0 |a decentralizácia 
610 2 0 |a rozhodovanie 
610 2 0 |a rozhodovanie decentralizované 
610 2 0 |a štruktúra podniku organizačná 
610 2 0 |a modely organizačné 
610 2 0 |a jednotka organizačná 
610 2 0 |a štúdie prípadové 
100 1 |a Vavrinčík, Pavel 
710 2 |a Ekonomická univerzita v Bratislave. Podnikovohospodárska fakulta so sídlom v Košiciach